Statistics for Click Bible Books in Order

Click here to take the quiz!

General Stats

  • This quiz has been taken 85 times
  • The average score is 27 of 66

Answer Stats

HintAnswer% Correct
2Exodus
100%
1Genesis
100%
3Leviticus
79%
5Deuteronomy
77%
4Numbers
77%
7Judges
69%
6Joshua
63%
111 Kings
60%
122 Kings
60%
91 Samuel
58%
102 Samuel
56%
8Ruth
56%
131 Chronicles
52%
142 Chronicles
50%
21Ecclesiastes
44%
15Ezra
44%
24Jeremiah
42%
18Job
42%
42Luke
42%
40Matthew
42%
16Nehemiah
42%
20Proverbs
42%
19Psalms
42%
66Revelation
42%
17Esther
40%
26Ezekiel
40%
23Isaiah
40%
43John
40%
41Mark
40%
22Song of Solomon
40%
44Acts
38%
27Daniel
38%
25Lamentations
38%
28Hosea
35%
32Jonah
35%
461 Corinthians
33%
472 Corinthians
33%
48Galatians
33%
45Romans
33%
632 John
31%
612 Peter
31%
30Amos
31%
35Habakkuk
31%
29Joel
31%
65Jude
31%
39Malachi
31%
33Micah
31%
34Nahum
31%
31Obadiah
31%
38Zechariah
31%
621 John
29%
601 Peter
29%
643 John
29%
37Haggai
29%
521 Thessalonians
27%
541 Timothy
27%
532 Thessalonians
27%
552 Timothy
27%
51Colossions
27%
49Ephesians
27%
59James
27%
50Philippians
27%
36Zepheniah
27%
58Hebrews
25%
57Philemon
25%
56Titus
25%

Score Distribution

Percentile by Number Answered

Percent of People with Each Score

Your Score History

You have not taken this quiz